Accountability social, organizaciones no gubernamentales de derechos humanos y conflicto político en Colombia, 2002-2010 /
El presente artículo analiza el proceso político que tuvo lugar en Colombia a partir de la movilización de las principales organizaciones no gubernamentales activistas de derechos humanos y su contraposición al gobierno de Alvaro Uribe (2002-2010). Se plantea que dicho proceso generó un conflicto qu...
সংরক্ষণ করুন:
| প্রধান লেখক: | |
|---|---|
| বিন্যাস: | পাঠ্য |
| বিষয়গুলি: | |
| ট্যাগগুলো: |
ট্যাগ যুক্ত করুন
কোনো ট্যাগ নেই, প্রথমজন হিসাবে ট্যাগ করুন!
|
MARC
| LEADER | 00000 a a2200000 04500 | ||
|---|---|---|---|
| 001 | 46657 | ||
| 003 | |||
| 040 | |||
| 100 | |a López Pacheco, Jairo Antonio | ||
| 245 | |a Accountability social, organizaciones no gubernamentales de derechos humanos y conflicto político en Colombia, 2002-2010 / |c Jairo Antonio López Pacheco | ||
| 520 | |a El presente artículo analiza el proceso político que tuvo lugar en Colombia a partir de la movilización de las principales organizaciones no gubernamentales activistas de derechos humanos y su contraposición al gobierno de Alvaro Uribe (2002-2010). Se plantea que dicho proceso generó un conflicto que produjo mecanismos de accountability social, defendiendo los principios básicos del Estado de derecho y de los derechos humanos, y ejerciendo control político. | ||
| 590 | |a RRH/NOVIEMBRE2014 | ||
| 650 | |a DERECHOS HUMANOS | ||
| 650 | |a ORGANIZACIONES NO GUBERNAMENTALES | ||
| 650 | |a ESTADO | ||
| 650 | |a LEYES | ||
| 650 | |a CONFLICTOS POLITICOS | ||
| 650 | |2 Macrothesaurus de la OCDE/ | ||
| 650 | |a MEDIOS DE COMUNICACION | ||
| 650 | |a COLOMBIA | ||
| 773 | |g volumen75, número2 (2013), páginas 255-286 : gráficos | ||
| 999 | |c 39789 |d 39789 | ||
